Textos literarios para la historia contemporanea (Record no. 11640)

MARC details
000 -LEADER
campo de control de longitud fija 01021nam a2200277 i 4500
001 - NÚMERO DE CONTROL
campo de control 11640
003 - IDENTIFICADOR DE NÚMERO DE CONTROL
campo de control ES-MaACL
007 - CAMPO FIJO DE DESCRIPCIÓN FÍSICA--INFORMACIÓN GENERAL
campo de control de longitud fija t|
008 - DATOS DE LONGITUD FIJA--INFORMACIÓN GENERAL
campo de control de longitud fija 960801m19851988fr ||||1| fre d
020 ## - NÚMERO INTERNACIONAL ESTÁNDAR DEL LIBRO
Número Internacional Estándar del Libro 84-7444-314-8
080 ## - NÚMERO DE LA CLASIFICACIÓN DECIMAL UNIVERSAL
Número de la Clasificación Decimal Universal 9(4)"1714/1914"(093)
245 00 - MENCIÓN DEL TÍTULO
Título Textos literarios para la historia contemporanea
Resto del título : 1714-1914 /
Mención de responsabilidad, etc. [selección de] Isabel Belmonte López, Ruth Betegón Díez, Juan Avilés Farré.
250 ## - MENCION DE EDICION
Mención de edición [1ª ed.].
260 ## - PUBLICACIÓN, DISTRIBUCIÓN, ETC.
Lugar de publicación, distribución, etc. Madrid :
Nombre del editor, distribuidor, etc. Debate,
Fecha de publicación, distribución, etc. 1985-88.
300 ## - DESCRIPCIÓN FÍSICA
Extensión 2 v. ;
Dimensiones 24 cm.
490 1# - MENCIÓN DE SERIE
Mención de serie Colección universitaria
505 8# - NOTA DE CONTENIDO CON FORMATO
Nota de contenido con formato I. La doble revolución -- II. Falta -- III. Europa y el mundo
650 14 - PUNTO DE ACCESO ADICIONAL DE MATERIA--TÉRMINO DE MATERIA
Término de materia o nombre geográfico como elemento de entrada Historia moderna-
Subdivisión cronológica S.XVIII-
Subdivisión de forma Obras literarias.
9 (RLIN) 13424
650 14 - PUNTO DE ACCESO ADICIONAL DE MATERIA--TÉRMINO DE MATERIA
Término de materia o nombre geográfico como elemento de entrada Historia contemporanea-
Subdivisión de forma Obras literarias.
9 (RLIN) 13395
700 1# - ENTRADA AGREGADA--NOMBRE PERSONAL
Nombre de persona Belmonte, Isabel.
9 (RLIN) 27300
700 1# - ENTRADA AGREGADA--NOMBRE PERSONAL
Nombre de persona Betegón Díez, Ruth.
9 (RLIN) 28647
700 1# - ENTRADA AGREGADA--NOMBRE PERSONAL
Nombre de persona Avilés Farré, Juan,
Fechas asociadas al nombre 1950-2023
9 (RLIN) 24073
830 0# - PUNTO DE ACCESO ADICIONAL DE SERIE-TÍTULO UNIFORME
Título uniforme Colección universitaria
9 (RLIN) 181579
852 ## - LOCALIZACIÓN
Ubicación ES-MaACL
Número de control de estantería P-41
Sublocalización o colección R.110645
Holdings
Estatus retirado Estado de pérdida Estado de daño No para préstamo Biblioteca de origen Biblioteca actual Ubicación en estantería Fecha de adquisición Fuente de adquisición Total de préstamos Signatura topográfica completa Código de barras Visto por última vez Precio de reemplazo Tipo de ítem Koha
        Biblioteca del Ateneo de Madrid Biblioteca del Ateneo de Madrid Depósito 2 17/01/2008     P-41 1011864 23/02/2023 23/02/2023 Libro impreso